Proyecto de investigación industria metal-mecánica
Αποθηκεύτηκε σε:
| Κύριος συγγραφέας: | |
|---|---|
| Άλλοι συγγραφείς: | , , |
| Μορφή: | Άγνωστο |
| Έκδοση: |
[San José, Costa Rica]
1974
|
| Ετικέτες: |
Προσθήκη ετικέτας
Δεν υπάρχουν, Καταχωρήστε ετικέτα πρώτοι!
|
MARC
| LEADER | 00000 a2200000 4500 | ||
|---|---|---|---|
| 003 | 011008 | ||
| 005 | 20240805105816.0 | ||
| 008 | 140114s1974 cr a m 000 0 s d | ||
| 040 | |c cru CEDI | ||
| 090 | |a TFG 67-74 | ||
| 100 | |a Flores Galarza, Rolando |9 17117 | ||
| 245 | |a Proyecto de investigación industria metal-mecánica | ||
| 260 | |a [San José, Costa Rica] |c 1974 | ||
| 300 | |a 100 hojas | ||
| 500 | |a Proyecto de Investigación (bachiller en ingeniería mecánica)--Universidad de Costa Rica. Escuela de Ingeniería Mecánica | ||
| 501 | |a Ed. mimeografiada | ||
| 700 | |9 17118 |a Mora Díaz, Alexis | ||
| 700 | |9 17119 |a Soto Mora, Alvaro | ||
| 700 | |9 17120 |a Azofeifa Saavedra, Jos J̌n | ||
| 942 | |c TFG |h TFG 67-74 |i 011008 |6 TFG_6774_011008_000000000000000 | ||
| 999 | |c 11947 |d 11947 | ||
